| 000 | 00000nam 2200000zi 4500 |
| 001 | 9.872762 |
| 003 | CaOODSP |
| 005 | 20221107163728 |
| 006 | m o d f |
| 007 | cr |n||||||||| |
| 008 | 190510e196909##onc #ob f000 0 eng d |
| 040 | |aCaOODSP|beng|erda|cCaOODSP |
| 043 | |an-cn-ns |
| 045 | |au3v5 |
| 086 | 1 |aR61-2/7-10E-PDF |
| 100 | 1 |aColeman, Margaret, |eauthor. |
| 245 | 14|aThe Acadians at Port-Royal / |cby Margaret Coleman. |
| 264 | 1|a[Ottawa] : |bNational and Historic Parks Branch, Department of Indian Affairs and Northern Development, |cSeptember 1969. |
| 300 | |a1 online resource (10 pages) |
| 336 | |atext|btxt|2rdacontent |
| 337 | |acomputer|bc|2rdamedia |
| 338 | |aonline resource|bcr|2rdacarrier |
| 490 | 1 |aManuscript report / National Historic Sites Service ; |vnumber 10 |
| 500 | |aDigitized edition from print [by History of Parks Canada Electronic Library]. |
| 504 | |aBibliography: pages 105-110. |
| 520 | 3 |aDescribes the history of the Acadian settlement at Port-Royal : The beginnings; The French period, 1671-1710; The British at Annapolis; War in the 1740s; Annapolis in the late 1740s; The Acadians' last decade at Annapolis. |
| 692 | 07|2gccst|aCanadian history |
| 692 | 07|2gccst|aHistoric sites |
| 710 | 1 |aCanada.|bNational and Historic Parks Branch. |
| 710 | 1 |aCanada. |bNational Historic Sites Service. |
| 710 | 2 |aParks Canada. |
| 710 | 1 |aCanada. |bDepartment of Indian Affairs and Northern Development. |
| 830 | #0|aManuscript report (Canada. National Historic Sites Service)|vno. 10|w(CaOODSP)9.838066 |
| 856 | 40|qPDF|s30.28 MB|uhttps://publications.gc.ca/collections/collection_2019/pc/R61-2-7-10-eng.pdf |